Formovanie znalostnej ekonomiky v EÚ v pokrízovom období

Znalostná ekonomika, termín, prechod k znalostnej ekonomike. Od Lisabonskej stratégie k programu Európa 2020. Snaha vyspelých krajín o rozvoj znalostnej ekonomiky. Globálna finančná a hospodárska kríza. Európa v pokrízovom období.

Uložené v:
Podrobná bibliografia
Hlavný autor: Gonda, Vladimír
Médium: Kapitola
Jazyk:Slovak
Predmet:
Tagy: Pridať tag
Žiadne tagy, Buďte prvý, kto otaguje tento záznam!

MARC

LEADER 00000naa$a2200000$$$4500
001 0146067
005 20240502072632.6
041 0 |a slo 
044 |a SK 
245 1 0 |a Formovanie znalostnej ekonomiky v EÚ v pokrízovom období  |c Vladimír Gonda 
520 |a Znalostná ekonomika, termín, prechod k znalostnej ekonomike. Od Lisabonskej stratégie k programu Európa 2020. Snaha vyspelých krajín o rozvoj znalostnej ekonomiky. Globálna finančná a hospodárska kríza. Európa v pokrízovom období. 
610 2 0 |a ekonomika znalostná 
610 2 0 |a kríza finančná 
610 2 0 |a kríza hospodárska 
610 2 0 |a Európa 
610 2 0 |a Európska únia 
610 2 0 |a 2020 
100 1 |a Gonda, Vladimír